000 01210cam a2200229 4500
001 ##L134290
008 060724n2006 000 0 eng u
035 _a(Sirsi) u134290
041 0 _aeng
050 0 4 _a711.558 $2 18
110 2 _aEC Harris
_94930
245 0 4 _aThe 2012 Olympics
_btime to pick up the pace?
260 _aLondon
_bEC Harris
_c2006
505 2 _aProgress to date -- Cost -- Labour and materials -- Effect on construction prices -- Delivering the legacy -- Down at the Village -- The finishing line
520 _aLooks at progress on the 2012 Olympic Games project a year after London was announced as the host city. Outlines the function of the Olympic Delivery Authority, which is now at almost full operating complement. Discusses how the industry is tackling the hurdles inherent in cost, labour and materials - cost escalation is the biggest single risk - and the importance of designing for legacy use. Graphs.
590 _aIKA010806
650 2 4 _aOLYMPIC GAMES 2012
651 4 _aLONDON
690 _aPROPERTY-COMMERCIAL PROPERTY-LEISURE PROPERTY-SPORTS PROPERTY
856 4 0 _uhttps://www.echarris.com/
_zView the item free of charge at www.echarris.com...
942 _n0
999 _c105638
_d105638